Handbook on small-scale freshwater fish farming

Gespeichert in:
Bibliographische Detailangaben
Körperschaft: FAO (VerfasserIn)
Format: Buch
Sprache:Englisch
Veröffentlicht: Roma FAO 1994
Ausgabe:1a. ed
Schriftenreihe:FAO Training Series, 24
Schlagworte:
Tags: Tag hinzufügen
Keine Tags, Fügen Sie den ersten Tag hinzu!

MARC

LEADER 00000nam a2200000 a 4500
001 UCK1760
003 CL-VaPUC
008 041126e19940000IT |||||||||||||||||eng|d
020 |a 9251031630 
082 0 4 |a 639.3  |b FAO  |2 21 
110 2 |a FAO  |e author  |9 489625 
245 1 0 |a Handbook on small-scale freshwater fish farming 
250 |a 1a. ed 
300 |a 205 p 
942 |c BK 
945 |d 20041126 00:00:00  |a cmena 
260 |a Roma  |b FAO  |c 1994 
650 0 |a Acuicultura  |9 258883 
650 7 |a PRODUCCION PESQUERA  |2 CL-VaPUC  |9 407660 
650 0 |a Recursos pesqueros  |9 255431 
583 |a last modification  |c 20041126 00:00:00  |k Rodrigo Vera 
490 0 |a FAO Training Series, 24 
999 |c 311573  |d 311571 
952 |0 0  |1 0  |4 0  |6 639_300000000000000_FAO_1994  |7 0  |8 CCM  |9 381036  |a BIBCUR  |b BIBCUR  |d 2019-11-21  |i 4081587  |o 639.3 FAO 1994  |p 4081587  |r 2025-04-22  |w 2019-11-21  |y BK_X  |k RNT